000 00330nam a22001457a 4500
008 210304b ||||| |||| 00| 0 eng d
020 _a1556421796
041 _aeng
080 _a159.9
082 _a159.9
100 _a48
101 _aPSI
245 _aPractice Issues in Occupational Therapy
_cRyan, S.E
942 _2udc
_cBK
999 _c55768
_d55768